000 00745nam a2200241 i 4500
001 bg
100 1 _aKUBRAK, Elżbieta
245 1 0 _aHydraulika techniczna :
_bprzykłady obliczeń /
_cElżbieta Kubrak, Janusz Kubrak.
260 _aWarszawa :
_bWydaw. SGGW [Szkoły Głównej Gospodarstwa Wiejskiego],
_c2004.
300 _a441 s. :
_brys., wykr. ;
_c24 cm.
504 _aBibliogr. s. 440-441.
650 9 _aHydraulika
655 _aPodręczniki
700 1 _aKubrak, Janusz
020 _a8372445435
040 _cBPK
041 0 _apol
080 _a532.5(07)
920 _a83-7244-543-5
942 _cKS
008 s pl f |000 0 pol
999 _c45769
_d45769
856 _uhttp://koha.tu.koszalin.pl/cgi-bin/koha/opac-detail.pl?biblionumber=45769
_yKatalog online BPK